000 00753cam a22002533a 4500
001 18842
003 PGUSA
005 20140828083412.0
008 060716s2006||||xxu|||||s|||||000 p eng d
040 _aPGUSA
_beng
042 _adc
050 4 _aPR
100 1 _aConstable, Henry,
_d1562-1613
245 1 0 _aElizabethan Sonnet-Cycles :
_bDelia - Diana
_h[electronic resource] /
_cHenry Constable
260 _bProject Gutenberg,
_c2006
506 _aPublic domain in the USA.
516 _aElectronic text
653 _aSonnets, English
653 _aEnglish poetry -- Early modern, 1500-1700
700 1 _aCrow, Martha Foote,
_d1854-1924
830 0 _aProject Gutenberg
_v18842
856 4 0 _uhttp://www.gutenberg.org/ebooks/18842
942 _cEB
999 _c248097
_d248097